| 000 | 00475nam a2200181Ia 4500 | ||
|---|---|---|---|
| 005 | 20250508151012.0 | ||
| 008 | 008 250505s9999 xx 000 0 eng d | ||
| 037 | _aTextual | ||
| 040 |
_aFEDL _beng _cFEDL |
||
| 041 |
_aeng _2eng |
||
| 084 |
_a747, CHR _qFEDL |
||
| 100 |
_aChristopher F J _9758128 |
||
| 245 | 0 | _aHome decorating | |
| 260 |
_aLondon, UK _bW and G Foyle Ltd _c1952 |
||
| 300 | _a104p | ||
| 942 |
_cTEXL _h747, CHR |
||
| 999 |
_c1326970 _d1326970 |
||